Proceso civil y proceso penal
Guardado en:
| Autor principal: | |
|---|---|
| Formato: | Libro |
| Lenguaje: | español |
| Publicado: |
Santiago
Jurídica ConoSur
1997
|
| Materias: | |
| Etiquetas: |
Agregar Etiqueta
Sin Etiquetas, Sea el primero en etiquetar este registro!
|
MARC
| LEADER | 00000nam a2200000 a 4500 | ||
|---|---|---|---|
| 001 | UCS7247 | ||
| 003 | CL-VaPUC | ||
| 008 | 971010e19970000CL |||||||||||||||||spa|d | ||
| 082 | 0 | 4 | |a 347 |b POT |2 21 |
| 100 | |a Pottstock Padilla, Edmundo von |e autor |9 392412 | ||
| 245 | 1 | 0 | |a Proceso civil y proceso penal |
| 300 | |a v | ||
| 942 | |c BK | ||
| 945 | |d 19971010 00:00:00 |a jquezada | ||
| 260 | |a Santiago |b Jurídica ConoSur |c 1997 | ||
| 650 | 0 | |a Proceso civil |9 361912 | |
| 650 | 0 | |a Proceso penal |9 381370 | |
| 650 | 0 | |a Acción procesal |9 384844 | |
| 650 | 0 | |a Naturaleza jurídica |9 371885 | |
| 583 | |a last modification |c 19971010 00:00:00 |k Rodrigo Vera | ||
| 999 | |c 262468 |d 262466 | ||
| 952 | |0 0 |1 0 |4 0 |6 347_000000000000000_POT_1997 |7 0 |8 A |9 290979 |a BIBDER |b BIBDER |d 2019-11-19 |h v.1 |i 3353249 |o 347 POT 1997 |p 3353249 |r 2023-01-25 |w 2019-11-19 |y BK |k DER | ||
| 952 | |0 0 |1 0 |4 0 |6 347_000000000000000_POT_1997 |7 0 |8 A |9 290980 |a BIBDER |b BIBDER |d 2019-11-19 |h v.2 |i 3353257 |o 347 POT 1997 |p 3353257 |r 2023-01-25 |w 2019-11-19 |y BK |k DER | ||